00990nam a2200313 c 4500001000200000003000900002005001700011008003600028020001800064040002700082080000600109082002600115100004000141245010800181250001300289260004800302300002500350336003200375337003100407490002500438648000600463650003600469650003600505655003000541655002500571655000600596700002400602700005000626 DO-SdBNP20220330111924.0170403s2000 sp a|||| 000 1 spa  a9788424132696 aBPMSU bspacBPMSU e  a  a863.6bL864v 20002221 aLópez Narváez, Conchad1939-0 13aEl viaje de viento pequeño /cConcha López Narváez, Carmelo Salmerón ; dibujos de R. Salmerón a5a. ed.  aLeón, España :bEditorial Everest.c200 a69 p.;bil. ;c21 cm aTexto (visual)2isbdcontent asin mediación2isbdmedia0 aMontaña encantada  a  4aCuentos infantiles españoles  4aliteratura infantil española  7aLibros infantiles2tgfbne 4aLibros ilustrados2  42 1 aSalmerón, Carmelo1 aSalmerón López, Rafaeld1972-eilustrador